[Event "Valle d'Aosta op 8th"]
[Site "Saint Vincent"]
[Date "2000.02.18"]
[Round "7"]
[White "Miladinovic, Igor"]
[Black "Ioseliani, Nana"]
[Result "1-0"]
[WhiteElo "2538"]
[BlackElo "2484"]
[PlyCount "95"]
[EventDate "2000.02.12"]
[EventType "tourn"]
[EventRounds "9"]
[EventCountry "ITA"]
[SourceTitle "CBM 074 Extra"]
[Source "ChessBase"]
[SourceDate "2000.03.10"]
[SourceVersion "2"]
[SourceVersionDate "2000.03.10"]
[SourceQuality "1"]

1. d4 Nf6 2. c4 e6 3. Nc3 d5 4. cxd5 exd5 5. Bg5 Be7 6. e3 c6 7. Bd3 Nbd7 8. Qc2 Nf8 9. Nf3 Ng6 10. 0-0-0 Bg4 11. Rdg1 Nd7 12. h4 Ngf8 13. e4 Bxf3 14. gxf3 Bxg5+ 15. hxg5 dxe4 16. Bxe4 Qc7 17. Kb1 0-0-0 18. Rc1 Kb8 19. Nb5 Qf4 20. Bxc6 Rc8 21. Qe4 Qxe4+ 22. Bxe4 Rxc1+ 23. Rxc1 Ne6 24. f4 Nb6 25. f5 Nxg5 26. Bg2 a6 27. Rc7 axb5 28. Rxb7+ Kc8 29. Rxb6 Re8 30. Rc6+ Kd7 31. Rc1 Ne4 32. a3 Kd6 33. Ka2 Nxf2 34. Rc6+ Kd7 35. Rb6 Re2 36. Bf1 Rd2 37. Rxb5 Nd1 38. Rb3 h5 39. a4 Rxd4 40. Bb5+ Kc7 41. a5 h4 42. a6 Kb8 43. Be2+ Ka8 44. Rb7 h3 45. Re7 Ra4+ 46. Kb3 Ra1 47. Bf3+ Kb8 48. Rb7+ 1-0

[Event "Valle d'Aosta op 8th"]
[Site "Saint Vincent"]
[Date "2000.02.14"]
[Round "3"]
[White "Hernandez Estevez, Yudania"]
[Black "Ioseliani, Nana"]
[Result "0-1"]
[WhiteElo "2310"]
[BlackElo "2484"]
[PlyCount "88"]
[EventDate "2000.02.12"]
[EventType "tourn"]
[EventRounds "9"]
[EventCountry "ITA"]
[SourceTitle "CBM 074 Extra"]
[Source "ChessBase"]
[SourceDate "2000.03.10"]
[SourceVersion "2"]
[SourceVersionDate "2000.03.10"]
[SourceQuality "1"]

1. e4 c5 2. Nf3 e6 3. d4 cxd4 4. Nxd4 a6 5. Be2 Nf6 6. Nc3 d6 7. 0-0 Be7 8. f4 0-0 9. Be3 Qc7 10. Bf3 Nc6 11. Kh1 Bd7 12. Nb3 Rab8 13. g4 Bc8 14. g5 Nd7 15. Bg2 b5 16. Qh5 b4 17. Ne2 Re8 18. Rf3 Nf8 19. Raf1 Bb7 20. Rh3 Bd8 21. Ng3 g6 22. Qh6 f6 23. Nd4 fxg5 24. Nxc6 Bxc6 25. fxg5 Qg7 26. Qxg7+ Kxg7 27. Ne2 e5 28. Rhf3 Ne6 29. h4 Rb7 30. Ng3 Bb6 31. Bh3 Bxe3 32. Bxe6 Bf4 33. Bd5 Rc7 34. Ne2 Bxd5 35. exd5 Rxc2 36. Nxf4 exf4 37. Rxf4 Rxb2 38. Rf7+ Kg8 39. Rb7 a5 40. Rd7 Rxa2 41. Rxd6 b3 42. Rb6 a4 43. Rb1 Rd2 44. d6 Rd8 0-1